000 00669nam a2200145Ia 4500
008 230503t2017||||xx |||||||||||||| ||spa||
110 _aComisión económica para America y el Caribe
245 0 _aAgenda 2030 para el Desarrollo Sostenible y sistemas alimentarios sostenibles: una propuesta para la formulación de políticas integradoras
260 _aSantiago de Chile
_bCEPAL
_c2017
260 _c2017
300 _a95 páginas
490 _aSerie Desarrollo Productivo
500 _a(APOST-39)
856 _uhttps://www.cepal.org/es/publicaciones/42356-agenda-2030-desarrollo-sostenible-sistemas-alimentarios-sostenibles-propuesta-la
_yClick para acceder al recurso
999 _c172220
_d172220